Inclusion and Behaviour Management in Schools / Issues and Challenges (Record no. 5835)
[ view plain ]
| 000 -LEADER | |
|---|---|
| fixed length control field | 01631cam a22002414a 4500 |
| 005 - ΗΜΕΡΟΜΗΝΙΑ ΚΑΙ ΩΡΑ ΤΕΛΕΥΤΑΙΑΣ ΕΝΗΜΕΡΩΣΗΣ | |
| Πεδίο ελέγχου | 20250605164223.0 |
| 008 - FIXED-LENGTH DATA ELEMENTS--GENERAL INFORMATION | |
| Πεδίο ελέγχου σταθερού μήκους | 250528s ||||||||||||||||||||||||d |
| 035 ## - SYSTEM CONTROL NUMBER | |
| System control number | 20751 |
| 020 ## - ISBN | |
| ISBN | 1843122294 |
| 040 ## - ΠΗΓΗ ΚΑΤΑΛΟΓΟΓΡΑΦΗΣΗΣ | |
| Φορέας πρωτότυπης καταλογογράφησης | MC Athens Campus Library |
| Γλώσσα καταλογογράφησης | Ελληνικά, Μοντέρνα (1453-) |
| Modifying agency | MC Athens Campus Library |
| Κανόνες περιγραφικής καταλογογράφησης | AACR2 |
| 245 1# - ΤΙΤΛΟΣ ΚΑΙ ΔΗΛΩΣΗ ΥΠΕΥΘΥΝΟΤΗΤΑΣ | |
| Τίτλος | Inclusion and Behaviour Management in Schools / Issues and Challenges |
| 250 ## - EDITION STATEMENT | |
| Edition statement | 1st |
| 260 ## - PUBLICATION, DISTRIBUTION, ETC. | |
| Name of publisher, distributor, etc. | David Fulton Publishers, |
| Date of publication, distribution, etc. | 2004 |
| 300 ## - PHYSICAL DESCRIPTION | |
| Extent | 364 |
| 520 ## - SUMMARY, ETC. | |
| Summary, etc. | This book provides an overview of the issues crucial to understanding inclusion and behavior management in schools. Acknowledgements, Preface: Inclusion and Behavior Management in Schools: Issues and Challenges, Introduction: Issues in Inclusion and the Management of Student Behavior in Schools, Policy Issues, The Great Problem of Need: A CAE Study in Children who Don't Behave, Exclusion from School: A View from Scotland of Policy and Practice, Behavior Support from an External Agency to Mainstream Schools: Policy and Practice, Practitioner Research Issues, Ethics and Politics and Research, Educational Action Research, Addressing Power and Control Issues in Educational Research, Cultural Issues, Culture and Mind and Education, Future Prospects - Towards Inclusive Education for All, Moral Education in Victim Offender Conferencing, Inclusive Practices, Inclusive Education: A Critical Perspective, Working with the Group Dimension, Reforming Special education: Beyond Inclusion, Index. |
| 700 1# - ΠΡΟΣΘΕΤΗ ΑΝΑΓΡΑΦΗ--ΦΥΣΙΚΟ ΠΡΟΣΩΠΟ | |
| Personal name | Berryman Mere |
| 9 (RLIN) | 6722 |
| 700 1# - ΠΡΟΣΘΕΤΗ ΑΝΑΓΡΑΦΗ--ΦΥΣΙΚΟ ΠΡΟΣΩΠΟ | |
| Personal name | Glynn Ted |
| 9 (RLIN) | 6723 |
| 700 1# - ΠΡΟΣΘΕΤΗ ΑΝΑΓΡΑΦΗ--ΦΥΣΙΚΟ ΠΡΟΣΩΠΟ | |
| Personal name | Richmond Robin C |
| 9 (RLIN) | 6724 |
| 700 1# - ΠΡΟΣΘΕΤΗ ΑΝΑΓΡΑΦΗ--ΦΥΣΙΚΟ ΠΡΟΣΩΠΟ | |
| Personal name | Wearmouth Janice |
| 9 (RLIN) | 6725 |
| 942 ## - ADDED ENTRY ELEMENTS (KOHA) | |
| Koha item type | Books |
| Τύπος τεκμηρίου | Βιβλιοθήκη | Τρέχουσα τοποθεσία | Barcode | Αριθμός εισαγωγής | Ημερομηνία απόκτησης | Ταξιθετικό σύμβολο | Αριθμός αντιτύπου | Κατάσταση απόσυρσης | Κατάσταση χαμένου | Κατάσταση κατεστραμμένου | Μη δανεισμός | Σύνολο δανεισμών | Ημερομηνία τελευταίας εμφάνισης | Η τιμή ισχύει από |
|---|---|---|---|---|---|---|---|---|---|---|---|---|---|---|
| Books | MC Athens Campus Library | MC Athens Campus Library | 9780000058348 | 7470 | 05/06/2025 | 370.1528 WEA | 1 | 05/06/2025 | 05/06/2025 |